[Event "Moscow CCL Winter"]
[Site "Moscow"]
[Date "2024.03.14"]
[Round "9"]
[White "Manvelyan, Mikayel"]
[Black "Sitnikov, Anton"]
[Result "1/2-1/2"]
[WhiteElo "2174"]
[BlackElo "2370"]
[PlyCount "127"]
[EventDate "2024.03.08"]
[EventType "tourn"]
[EventRounds "9"]
[EventCountry "RUS"]
[EventCategory "1"]
[SourceTitle "CB13_2024"]
[SourceDate "2024.03.27"]
[SourceVersion "1"]
[SourceVersionDate "2024.03.27"]
[SourceQuality "1"]

1. e4 e6 2. d4 d5 3. Nd2 Nc6 4. Ngf3 Nf6 5. e5 Nd7 6. Bd3 Nb4 7. Be2 c5 8. c3 Nc6 9. 0-0 cxd4 10. cxd4 a5 11. Nb1 Be7 12. Nc3 Nb6 13. Bf4 Bd7 14. Nb5 0-0 15. Rc1 a4 16. h4 Na5 17. Nd6 Bc6 18. Bd3 Nac4 19. Qe2 Bxh4 20. g3 Be7 21. Kg2 g6 22. Bh6 Nxd6 23. Bxf8 Bxf8 24. exd6 Qxd6 25. Ne5 Bg7 26. f4 Qb4 27. Rfd1 a3 28. b3 Be8 29. Qe1 Qxe1 30. Rxe1 Nc8 31. Rc7 Nd6 32. Rec1 Bf6 33. Nf3 h5 34. R7c2 Kf8 35. Kf2 Bd8 36. Ke3 Ke7 37. Ke2 Bb6 38. Ke3 Kd8 39. Ne5 Nc8 40. g4 hxg4 41. Nxg4 Ne7 42. Ne5 Nc6 43. Nxc6+ Bxc6 44. Rh2 Ke7 45. Rh7 Rg8 46. Rg1 Kf6 47. Rgh1 Rc8 48. Rh8 Rxh8 49. Rxh8 g5 50. Rh6+ Ke7 51. fxg5 e5 52. Rh4 Bd7 53. g6 fxg6 54. Bxg6 Kf6 55. Bd3 Kg5 56. Rh7 Bxd4+ 57. Kd2 Bc6 58. b4 b6 59. Rg7+ Kf4 60. Rf7+ Kg3 61. Rg7+ Kf4 62. Rf7+ Kg3 63. Rg7+ Kf4 64. Rf7+ 1/2-1/2